[Event "HUN-ch U20"]
[Site "Szolnok"]
[Date "2024.04.04"]
[Round "6"]
[White "Foldes, Marton Gabor"]
[Black "Megyaszai, Balazs"]
[Result "1/2-1/2"]
[WhiteElo "2162"]
[BlackElo "2029"]
[PlyCount "63"]
[EventDate "2024.03.31"]
[EventType "swiss"]
[EventRounds "9"]
[EventCountry "HUN"]
[SourceTitle "CB16_2024"]
[SourceDate "2024.04.17"]
[SourceVersion "1"]
[SourceVersionDate "2024.04.17"]
[SourceQuality "1"]

1. e4 c6 2. Nc3 d5 3. Nf3 Bg4 4. h3 Bxf3 5. Qxf3 e6 6. Be2 Bc5 7. 0-0 Nd7 8. Rd1 d4 9. Nb1 Ne5 10. Qg3 d3 11. Qxe5 Bd4 12. Qg3 dxc2 13. Rf1 cxb1Q 14. Rxb1 Ne7 15. b4 Ng6 16. Kh1 Qh4 17. Qxh4 Nxh4 18. f4 Ng6 19. b5 c5 20. b6 0-0 21. bxa7 Rxa7 22. Bc4 Rb8 23. Rb5 Kf8 24. d3 Ne7 25. f5 exf5 26. exf5 Rd8 27. f6 gxf6 28. Bh6+ Kg8 29. Rf3 Ng6 30. Be3 Bxe3 31. Rxe3 Ne5 32. Rxc5 1/2-1/2

[Event "HUN-chT U18"]
[Site "Budapest"]
[Date "2022.11.03"]
[Round "7.3"]
[White "Megyaszai, Balazs"]
[Black "Giang, Tran Nam"]
[Result "1/2-1/2"]
[WhiteElo "2023"]
[BlackElo "2132"]
[PlyCount "106"]
[EventDate "2022.10.31"]
[EventType "team-swiss"]
[EventRounds "7"]
[EventCountry "HUN"]
[SourceTitle "CBM 211 Extra"]
[Source "ChessBase"]
[SourceDate "2023.01.31"]
[SourceVersion "1"]
[SourceVersionDate "2023.01.31"]
[SourceQuality "1"]
[WhiteTeam "Maroczy"]
[BlackTeam "Geniusz Tata"]
[WhiteTeamCountry "HUN"]
[BlackTeamCountry "HUN"]

1. e4 c5 2. Nf3 e6 3. d4 cxd4 4. Nxd4 a6 5. Bd3 Bc5 6. Nb3 Be7 7. Nc3 Qc7 8. 0-0 Nf6 9. f4 d6 10. e5 dxe5 11. fxe5 Nfd7 12. Qg4 g6 13. Bh6 Nxe5 14. Qf4 f5 15. Kh1 Bd6 16. Qa4+ Bd7 17. Nb5 Bxb5 18. Bxb5+ Nbc6 19. Be2 Nf7 20. Bg7 Rg8 21. Bc3 Nfe5 22. Nd4 Kf7 23. Qb3 Nxd4 24. Bxd4 Rac8 25. c3 Rge8 26. Rad1 Kg8 27. Bg1 Nf7 28. Bf3 b5 29. Rfe1 Be5 30. Rd2 Re7 31. Red1 Ng5 32. Rd3 Nxf3 33. Rxf3 Kf7 34. Rfd3 Qc6 35. Bd4 Bb8 36. Be3 Qc7 37. Bg1 Rce8 38. a4 Qc4 39. Qxc4 bxc4 40. Rd4 Rc8 41. Rd8 Rxd8 42. Rxd8 Rb7 43. Rd4 Rxb2 44. Rxc4 Be5 45. Rc6 Rc2 46. Rxa6 Rxc3 47. g3 Kf6 48. Ra8 Rc1 49. Kg2 f4 50. gxf4 Bxf4 51. a5 Rc2+ 52. Kh1 Rc1 53. Kg2 Rc2+ 1/2-1/2

[Event "HUN-chT U18"]
[Site "Budapest"]
[Date "2022.11.02"]
[Round "5.3"]
[White "Demeter, Dorina"]
[Black "Megyaszai, Balazs"]
[Result "1/2-1/2"]
[WhiteElo "2149"]
[BlackElo "2023"]
[PlyCount "42"]
[EventDate "2022.10.31"]
[EventType "team-swiss"]
[EventRounds "7"]
[EventCountry "HUN"]
[SourceTitle "CBM 211 Extra"]
[Source "ChessBase"]
[SourceDate "2023.01.31"]
[SourceVersion "1"]
[SourceVersionDate "2023.01.31"]
[SourceQuality "1"]
[WhiteTeam "Tuxera Aquaprofit NSK"]
[BlackTeam "Maroczy"]
[WhiteTeamCountry "HUN"]
[BlackTeamCountry "HUN"]

1. d4 d5 2. c4 e6 3. Nc3 c6 4. e3 f5 5. Nf3 Nf6 6. Bd3 g6 7. 0-0 Bd6 8. b3 Nbd7 9. Bb2 0-0 10. Ne2 Ne4 11. Ne5 Qe7 12. Rc1 Ba3 13. Bxa3 Qxa3 14. Nxd7 Bxd7 15. f3 Nf6 16. Nc3 Qd6 17. c5 Qe7 18. f4 Kh8 19. Qe1 Rg8 20. Qh4 Rg7 21. Ne2 Rag8 1/2-1/2

[Event "HUN-chT U18"]
[Site "Budapest"]
[Date "2022.10.31"]
[Round "1.3"]
[White "Megyaszai, Balazs"]
[Black "Tothi, Viktoria"]
[Result "1-0"]
[WhiteElo "2023"]
[BlackElo "1141"]
[PlyCount "83"]
[EventDate "2022.10.31"]
[EventType "team-swiss"]
[EventRounds "7"]
[EventCountry "HUN"]
[SourceTitle "CBM 211 Extra"]
[Source "ChessBase"]
[SourceDate "2023.01.31"]
[SourceVersion "1"]
[SourceVersionDate "2023.01.31"]
[SourceQuality "1"]
[WhiteTeam "Maroczy"]
[BlackTeam "Tamasi Szabadido"]
[WhiteTeamCountry "HUN"]
[BlackTeamCountry "HUN"]

1. e4 e5 2. Nf3 Nc6 3. Bc4 Bc5 4. 0-0 Nf6 5. d3 0-0 6. Bg5 h6 7. Bh4 d6 8. h3 Be6 9. Nbd2 d5 10. Bxf6 gxf6 11. exd5 Bxd5 12. Bxd5 Qxd5 13. Ne4 Be7 14. Nc3 Qd7 15. Nd2 Qf5 16. Nd5 Rac8 17. Ne4 Rfd8 18. Nxe7+ Nxe7 19. Qg4+ Qxg4 20. Nxf6+ Kg7 21. Nxg4 f6 22. Rfe1 Nd5 23. Ne3 c5 24. Nxd5 Rxd5 25. Kf1 c4 26. dxc4 Rxc4 27. c3 Rd2 28. Re2 Rd3 29. Ke1 Rc6 30. Rd2 Rxd2 31. Kxd2 a5 32. Kc2 Kg6 33. Rd1 e4 34. Rd5 b6 35. g4 Re6 36. Kd2 Re5 37. Rxe5 fxe5 38. Ke3 h5 39. Kxe4 hxg4 40. hxg4 Kg5 41. f3 Kf6 42. a4 1-0

[Event "HUN-chT U18"]
[Site "Budapest"]
[Date "2021.10.25"]
[Round "3.22"]
[White "Pasti, Zsombor"]
[Black "Megyaszai, Balazs"]
[Result "0-1"]
[WhiteElo "1795"]
[BlackElo "1891"]
[PlyCount "64"]
[EventDate "2021.10.24"]
[EventType "team-tourn"]
[EventRounds "7"]
[EventCountry "HUN"]
[SourceTitle "CBM 205 Extra"]
[Source "ChessBase"]
[SourceDate "2022.01.31"]
[SourceVersion "1"]
[SourceVersionDate "2022.01.31"]
[SourceQuality "1"]

1. e4 c5 2. Nf3 d6 3. d4 cxd4 4. Nxd4 Nf6 5. Nc3 a6 6. f3 e6 7. Bc4 Qc7 8. Bb3 Nc6 9. Be3 Be7 10. Qd2 Ne5 11. Qe2 Bd7 12. h3 Rc8 13. f4 Nc4 14. Bxc4 Qxc4 15. Qf3 0-0 16. g4 Qb4 17. 0-0-0 Rxc3 18. bxc3 Qa3+ 19. Kb1 d5 20. Bc1 Qa4 21. e5 Ne4 22. Bb2 b5 23. h4 b4 24. cxb4 Qxb4 25. Nb3 a5 26. Rd4 Qb6 27. a4 Rb8 28. Rhd1 Bc6 29. f5 Bc5 30. f6 Bxd4 31. Rxd4 Bxa4 32. fxg7 Qxd4 0-1

[Event "HUN-ch U14"]
[Site "Eger"]
[Date "2021.08.27"]
[Round "7"]
[White "Gergely, Daniel1111"]
[Black "Megyaszai, Balazs"]
[Result "1-0"]
[WhiteElo "1808"]
[BlackElo "1913"]
[PlyCount "81"]
[EventDate "2021.08.20"]
[EventType "swiss"]
[EventRounds "7"]
[EventCountry "HUN"]
[SourceTitle "EXT 2022"]
[Source "ChessBase"]
[SourceDate "2021.10.06"]
[SourceVersion "1"]
[SourceVersionDate "2021.10.06"]
[SourceQuality "1"]

1. d4 d5 2. c4 e6 3. Nc3 c6 4. cxd5 exd5 5. Bf4 Nf6 6. e3 Bf5 7. Bd3 Bxd3 8. Qxd3 Bd6 9. Bxd6 Qxd6 10. Nf3 Nbd7 11. 0-0 0-0 12. h3 a5 13. Rfb1 Rfc8 14. Ne2 Ne4 15. Nc3 Re8 16. Nd2 f5 17. Re1 Kh8 18. Nf1 Ndf6 19. f3 Nxc3 20. bxc3 g6 21. c4 Re7 22. c5 Qc7 23. Rab1 Rae8 24. Re2 f4 25. Rbe1 fxe3 26. Rxe3 Nh5 27. a4 Ng7 28. Rxe7 Rxe7 29. Rxe7 Qxe7 30. g4 Qf6 31. Qe3 Ne6 32. Kh2 Nxd4 33. Nd2 Kg7 34. g5 Nxf3+ 35. Nxf3 Qf7 36. Qe5+ Kg8 37. Kg3 Qd7 38. Nd4 Kf7 39. Qf6+ Kg8 40. Ne6 d4 41. Qf8# 1-0

[Event "HUN-ch U14"]
[Site "Eger"]
[Date "2021.08.25"]
[Round "4"]
[White "Borzsei, Andras"]
[Black "Megyaszai, Balazs"]
[Result "1-0"]
[WhiteElo "1562"]
[BlackElo "1913"]
[PlyCount "89"]
[EventDate "2021.08.20"]
[EventType "swiss"]
[EventRounds "7"]
[EventCountry "HUN"]
[SourceTitle "EXT 2022"]
[Source "ChessBase"]
[SourceDate "2021.10.06"]
[SourceVersion "1"]
[SourceVersionDate "2021.10.06"]
[SourceQuality "1"]

1. d4 d5 2. c4 e6 3. Nc3 Nf6 4. cxd5 exd5 5. Bg5 Be7 6. e3 c6 7. Qc2 Nbd7 8. Bd3 h6 9. Bh4 0-0 10. Nf3 Bd6 11. 0-0 b6 12. e4 dxe4 13. Nxe4 Be7 14. Qxc6 Rb8 15. Nd6 b5 16. Nxc8 Rxc8 17. Qxb5 Rb8 18. Qc6 Rxb2 19. Bc4 Rb4 20. Bb3 a5 21. Qc2 Qa8 22. a3 Rbb8 23. Bg3 Rbc8 24. Qe2 Rfe8 25. Qa2 Rf8 26. Rfe1 Rce8 27. Nh4 a4 28. Bc4 Nh5 29. Ng6 Bf6 30. Nxf8 Rxe1+ 31. Rxe1 Qxf8 32. Bd6 Qxd6 33. Bxf7+ Kh8 34. Re8+ Nf8 35. Bxh5 Bxd4 36. Qd2 Kg8 37. Re4 Qc5 38. Qxd4 Qxh5 39. Qxa4 Qg5 40. g3 Ng6 41. Rg4 Qc1+ 42. Kg2 Nf8 43. Qa8 h5 44. Rf4 Qc5 45. Qxf8+ 1-0

[Event "HUN-ch U14"]
[Site "Eger"]
[Date "2021.08.24"]
[Round "3"]
[White "Megyaszai, Balazs"]
[Black "Bodrogi, Bendeguz"]
[Result "1/2-1/2"]
[WhiteElo "1913"]
[BlackElo "2145"]
[PlyCount "91"]
[EventDate "2021.08.20"]
[EventType "swiss"]
[EventRounds "7"]
[EventCountry "HUN"]
[SourceTitle "EXT 2022"]
[Source "ChessBase"]
[SourceDate "2021.10.06"]
[SourceVersion "1"]
[SourceVersionDate "2021.10.06"]
[SourceQuality "1"]

1. e4 c5 2. Nf3 Nc6 3. d4 cxd4 4. Nxd4 e5 5. Nb5 d6 6. N1c3 a6 7. Na3 Be7 8. Be3 b5 9. Nd5 Rb8 10. g3 Nf6 11. Bg2 Be6 12. c4 Ng4 13. Bd2 0-0 14. 0-0 Qd7 15. h3 Nf6 16. Kh2 Rfc8 17. b3 Bd8 18. f4 Bxd5 19. exd5 Nd4 20. g4 Qe8 21. Re1 Nd7 22. fxe5 dxe5 23. Nc2 Nxc2 24. Qxc2 Qf8 25. Be4 g6 26. Rac1 Bb6 27. Rf1 Bd4 28. Qd1 bxc4 29. bxc4 Rb2 30. Kh1 Qa3 31. Bg2 Rxa2 32. Bh6 Rb8 33. Rc2 Rxc2 34. Qxc2 Rb2 35. Qe4 Nc5 36. Qe1 Nd3 37. Qh4 Qd6 38. Rf6 Rb1+ 39. Bf1 Qb8 40. Rf3 e4 41. Rf6 e3 42. Bxe3 Bxe3 43. Rf3 Qe5 44. d6 Qe4 45. Qd8+ Kg7 46. Qf6+ 1/2-1/2

[Event "Tapolca Olympic Hopes"]
[Site "Tapolca"]
[Date "2021.06.27"]
[Round "7"]
[White "Szikszai, Bertalan"]
[Black "Megyaszai, Balazs"]
[Result "1-0"]
[WhiteElo "2063"]
[BlackElo "1894"]
[PlyCount "87"]
[EventDate "2021.06.24"]
[EventType "swiss"]
[EventRounds "7"]
[EventCountry "HUN"]
[SourceTitle "CBM 203 Extra"]
[Source "ChessBase"]
[SourceDate "2021.09.30"]
[SourceVersion "1"]
[SourceVersionDate "2021.09.30"]
[SourceQuality "1"]

1. e4 c5 2. Nf3 d6 3. d4 cxd4 4. Nxd4 Nf6 5. Nc3 a6 6. Bg5 e6 7. f4 Be7 8. Qf3 Nbd7 9. 0-0-0 Qc7 10. g4 b5 11. Bxf6 Nxf6 12. g5 Nd7 13. f5 Nc5 14. f6 gxf6 15. gxf6 Bf8 16. a3 Bb7 17. Bh3 h5 18. Rhe1 e5 19. Nf5 Ne6 20. Rg1 Nf4 21. Ng7+ Bxg7 22. fxg7 Rg8 23. Bf5 Qe7 24. Bh7 0-0-0 25. Bxg8 Rxg8 26. Ne2 Qf6 27. Nxf4 exf4 28. Rdf1 Rxg7 29. Rxg7 Qxg7 30. Qxf4 Qg6 31. Qf5+ Kb8 32. Qxg6 fxg6 33. Rf6 Bxe4 34. Rxd6 Kb7 35. Kd2 Bf5 36. b3 Be4 37. c4 bxc4 38. bxc4 Bf5 39. Ke3 Bb1 40. Kd4 Bf5 41. c5 Bc2 42. Rb6+ Ka7 43. Rb2 Bf5 44. c6 1-0

[Event "Tapolca Olympic Hopes"]
[Site "Tapolca"]
[Date "2021.06.26"]
[Round "6"]
[White "Megyaszai, Balazs"]
[Black "Borzsei, Andras"]
[Result "1-0"]
[WhiteElo "1894"]
[BlackElo "1438"]
[PlyCount "67"]
[EventDate "2021.06.24"]
[EventType "swiss"]
[EventRounds "7"]
[EventCountry "HUN"]
[SourceTitle "CBM 203 Extra"]
[Source "ChessBase"]
[SourceDate "2021.09.30"]
[SourceVersion "1"]
[SourceVersionDate "2021.09.30"]
[SourceQuality "1"]

1. e4 c5 2. Nf3 e6 3. d4 cxd4 4. Nxd4 Nc6 5. Nc3 Qc7 6. Be3 a6 7. Qf3 Nf6 8. 0-0-0 Ne5 9. Qg3 b5 10. f4 Neg4 11. Bg1 b4 12. Na4 h5 13. Bd3 g6 14. h3 Nh6 15. Nb3 Bb7 16. Bd4 Nxe4 17. Qe1 Rg8 18. Bxe4 Qxf4+ 19. Nd2 d5 20. Rf1 Qc7 21. Bd3 Qa5 22. b3 Bc6 23. Bb6 Qb5 24. Bxb5 axb5 25. Nb2 Bg7 26. Kb1 Ra6 27. Qf2 Kd7 28. Ne4 Ra3 29. Nf6+ Bxf6 30. Qxf6 Rga8 31. Qg7 Rxa2 32. Rxf7+ Kd6 33. Bc7+ Kc5 34. Qd4# 1-0

[Event "Tapolca Olympic Hopes"]
[Site "Tapolca"]
[Date "2021.06.25"]
[Round "4"]
[White "Megyaszai, Balazs"]
[Black "Matyassy, Lazar"]
[Result "1/2-1/2"]
[WhiteElo "1894"]
[BlackElo "2101"]
[PlyCount "40"]
[EventDate "2021.06.24"]
[EventType "swiss"]
[EventRounds "7"]
[EventCountry "HUN"]
[SourceTitle "CBM 203 Extra"]
[Source "ChessBase"]
[SourceDate "2021.09.30"]
[SourceVersion "1"]
[SourceVersionDate "2021.09.30"]
[SourceQuality "1"]

1. e4 d6 2. d4 Nf6 3. Nc3 e5 4. Nf3 Nbd7 5. Bc4 Be7 6. 0-0 0-0 7. h3 c6 8. a4 b6 9. Qe2 Qc7 10. Bg5 Bb7 11. Rad1 h6 12. Bh4 a6 13. b4 b5 14. Bb3 Rfe8 15. Bg3 Bf8 16. Rfe1 Qb6 17. Qd2 Rad8 18. Qc1 a5 19. bxa5 Qxa5 20. Qb2 b4 1/2-1/2

[Event "HUN-ch U12"]
[Site "Tapolca"]
[Date "2020.08.19"]
[Round "7"]
[White "Megyaszai, Balazs"]
[Black "Kolimar, Kristof Pal"]
[Result "1/2-1/2"]
[WhiteElo "1891"]
[BlackElo "2063"]
[PlyCount "29"]
[EventDate "2020.08.15"]
[EventType "swiss"]
[EventRounds "7"]
[EventCountry "HUN"]
[SourceTitle "EXT 2023"]
[Source "ChessBase"]
[SourceDate "2022.10.05"]
[SourceVersion "1"]
[SourceVersionDate "2022.10.05"]
[SourceQuality "1"]
[WhiteTeam "Hungary"]
[BlackTeam "Hungary"]
[WhiteTeamCountry "HUN"]
[BlackTeamCountry "HUN"]

1. e4 c5 2. Nf3 e6 3. d4 cxd4 4. Nxd4 Qb6 5. Nb3 Qc7 6. Nc3 a6 7. Bd3 Nf6 8. 0-0 d6 9. a4 b6 10. f4 Nc6 11. Re1 Bb7 12. Bf1 Be7 13. Be3 0-0 14. Bf2 Rfd8 15. Qe2 1/2-1/2

[Event "HUN-ch U12"]
[Site "Tapolca"]
[Date "2020.08.18"]
[Round "5"]
[White "Kossela, Peter"]
[Black "Megyaszai, Balazs"]
[Result "1/2-1/2"]
[WhiteElo "1765"]
[BlackElo "1891"]
[PlyCount "129"]
[EventDate "2020.08.15"]
[EventType "swiss"]
[EventRounds "7"]
[EventCountry "HUN"]
[SourceTitle "EXT 2023"]
[Source "ChessBase"]
[SourceDate "2022.10.05"]
[SourceVersion "1"]
[SourceVersionDate "2022.10.05"]
[SourceQuality "1"]
[WhiteTeam "Hungary"]
[BlackTeam "Hungary"]
[WhiteTeamCountry "HUN"]
[BlackTeamCountry "HUN"]

1. e4 c5 2. Nf3 d6 3. d4 cxd4 4. Nxd4 Nf6 5. f3 h5 6. c4 a6 7. Nc3 e6 8. Be3 b6 9. Be2 Bb7 10. 0-0 Nbd7 11. Rc1 Rc8 12. Qd2 Be7 13. Rfd1 0-0 14. b4 Qe8 15. a4 Ne5 16. Qa2 d5 17. exd5 exd5 18. Nxd5 Nxd5 19. cxd5 Bxb4 20. Qb3 Bc5 21. Nf5 Qd7 22. Bxc5 bxc5 23. Ng3 h4 24. Ne4 c4 25. Qc3 Ng6 26. Bxc4 Nf4 27. Qd2 Ng6 28. Qg5 Qxa4 29. Nd6 Rc7 30. Kh1 h3 31. Bf1 hxg2+ 32. Bxg2 Rd7 33. Nxb7 Rxb7 34. Rf1 Nf4 35. Rg1 Ne2 36. Bh3 Nxg1 37. Rxg1 f5 38. Bxf5 Rxf5 39. Qxf5 Rf7 40. Qc8+ Kh7 41. Qh3+ Kg8 42. Qe6 Qf4 43. Rf1 Kh7 44. Qxa6 Rf6 45. Qd3+ Kh6 46. Rf2 Qc1+ 47. Qf1 Qxf1+ 48. Rxf1 Rd6 49. Rd1 Kg5 50. Kg2 Kf4 51. Rd4+ Ke5 52. Rg4 g6 53. Rg5+ Kf4 54. h4 Rb6 55. Rg4+ Ke5 56. Kg3 Rb1 57. Rg5+ Kf6 58. f4 Rg1+ 59. Kf2 Rh1 60. d6 Rd1 61. h5 gxh5 62. Rxh5 Kg6 63. Rg5+ Kf6 64. Kf3 Rxd6 65. Ra5 1/2-1/2

[Event "HUN-ch U12"]
[Site "Tapolca"]
[Date "2020.08.17"]
[Round "4"]
[White "Megyaszai, Balazs"]
[Black "Turcsanyi, Vince Gergo"]
[Result "1/2-1/2"]
[WhiteElo "1891"]
[BlackElo "1892"]
[PlyCount "31"]
[EventDate "2020.08.15"]
[EventType "swiss"]
[EventRounds "7"]
[EventCountry "HUN"]
[SourceTitle "EXT 2023"]
[Source "ChessBase"]
[SourceDate "2022.10.05"]
[SourceVersion "1"]
[SourceVersionDate "2022.10.05"]
[SourceQuality "1"]
[WhiteTeam "Hungary"]
[BlackTeam "Hungary"]
[WhiteTeamCountry "HUN"]
[BlackTeamCountry "HUN"]

1. e4 e5 2. Nf3 Nc6 3. Bc4 Nf6 4. d3 Be7 5. 0-0 d6 6. c3 0-0 7. Re1 Bg4 8. h3 Bh5 9. Nbd2 d5 10. exd5 Nxd5 11. Ne4 Bg6 12. Ng3 Bf6 13. Ne4 Bxe4 14. dxe4 Nb6 15. Bb5 Ne7 16. Qc2 1/2-1/2

[Event "HUN-chT U18"]
[Site "Budapest"]
[Date "2019.10.29"]
[Round "7.4"]
[White "Megyaszai, Balazs"]
[Black "Oros, Mikhailo"]
[Result "1-0"]
[WhiteElo "1894"]
[BlackElo "1704"]
[PlyCount "57"]
[EventDate "2019.10.26"]
[EventType "team-swiss"]
[EventRounds "7"]
[EventCountry "HUN"]
[SourceTitle "CBM 192 Extra"]
[Source "Chessbase"]
[SourceDate "2019.11.06"]
[SourceVersion "1"]
[SourceVersionDate "2019.11.06"]
[SourceQuality "1"]
[WhiteTeam "Szeged Maroczy"]
[BlackTeam "Nyiregyhaza VSC"]
[WhiteTeamCountry "HUN"]
[BlackTeamCountry "HUN"]

1. e4 c6 2. d4 d5 3. exd5 cxd5 4. Bd3 Nc6 5. c3 Nf6 6. h3 e6 7. Nf3 Bd6 8. 0-0 0-0 9. Nbd2 Rb8 10. Qe2 a6 11. Nb3 b5 12. Qc2 h6 13. Be3 Bb7 14. Qc1 Be7 15. Re1 Rc8 16. Bf4 Nb4 17. Bb1 Nc6 18. Qe3 Na5 19. Nxa5 Qxa5 20. a3 Qb6 21. Be5 a5 22. Bxf6 Bxf6 23. h4 b4 24. axb4 axb4 25. Qd3 g6 26. h5 bxc3 27. hxg6 cxb2 28. g7 bxa1Q 29. Qh7# 1-0

[Event "HUN-chT U18"]
[Site "Budapest"]
[Date "2019.10.26"]
[Round "1.4"]
[White "Nagy, Adam"]
[Black "Megyaszai, Balazs"]
[Result "0-1"]
[WhiteElo "1561"]
[BlackElo "1894"]
[PlyCount "44"]
[EventDate "2019.10.26"]
[EventType "team-swiss"]
[EventRounds "7"]
[EventCountry "HUN"]
[SourceTitle "CBM 192 Extra"]
[Source "Chessbase"]
[SourceDate "2019.11.06"]
[SourceVersion "1"]
[SourceVersionDate "2019.11.06"]
[SourceQuality "1"]
[WhiteTeam "Tungsram Aquaprofit"]
[BlackTeam "Szeged Maroczy"]
[WhiteTeamCountry "HUN"]
[BlackTeamCountry "HUN"]

1. e4 c5 2. Nf3 d6 3. d4 cxd4 4. Nxd4 Nf6 5. Nc3 a6 6. Be3 e6 7. Bd3 Be7 8. 0-0 0-0 9. f4 Qc7 10. h3 b5 11. Qd2 Bb7 12. a3 Nbd7 13. Rae1 Rac8 14. Bf2 Nc5 15. Nf3 Qb8 16. Bd4 Rcd8 17. Qf2 Qa8 18. Nd2 Bc6 19. e5 Nxd3 20. cxd3 dxe5 21. fxe5 Ne8 22. Qg3 Rxd4 0-1

[Event "HUN-chT2 Maroczy 1819"]
[Site "Hungary"]
[Date "2019.04.28"]
[Round "11.5"]
[White "Csiki, Endre"]
[Black "Megyaszai, Balazs"]
[Result "1-0"]
[WhiteElo "2217"]
[BlackElo "1890"]
[PlyCount "55"]
[EventDate "2018.09.23"]
[EventType "team-tourn"]
[EventRounds "11"]
[EventCountry "HUN"]
[SourceTitle "EXT 2021"]
[Source "ChessBase"]
[SourceDate "2020.10.23"]
[SourceVersion "1"]
[SourceVersionDate "2020.10.23"]
[SourceQuality "1"]
[WhiteTeam "Kisujszallas"]
[BlackTeam "Szeged Maroczy II"]
[WhiteTeamCountry "HUN"]
[BlackTeamCountry "HUN"]

1. e4 c5 2. Nf3 d6 3. d4 cxd4 4. Nxd4 Nf6 5. Nc3 a6 6. Bg5 e6 7. f4 Be7 8. Qf3 Qc7 9. 0-0-0 Nbd7 10. g4 b5 11. Bxf6 Nxf6 12. g5 Nd7 13. f5 0-0 14. Qh5 Ne5 15. Bh3 b4 16. Nce2 exf5 17. exf5 Bb7 18. Rhf1 Rfe8 19. g6 Bf6 20. Qxh7+ Kf8 21. Nf4 Ke7 22. gxf7 Rh8 23. Ng6+ Nxg6 24. Qxg6 Rac8 25. Rfe1+ Kd7 26. Qxg7 Bxd4 27. Re7+ Kxe7 28. f8Q# 1-0

[Event "HUN-chT2 Toth 1819"]
[Site "Hungary"]
[Date "2018.10.28"]
[Round "3.8"]
[White "Sonkoly, Laszlo"]
[Black "Megyaszai, Balazs"]
[Result "0-1"]
[WhiteElo "1993"]
[BlackElo "1657"]
[PlyCount "46"]
[EventDate "2018.09.23"]
[EventType "team-tourn"]
[EventRounds "11"]
[EventCountry "HUN"]
[SourceTitle "EXT 2021"]
[Source "ChessBase"]
[SourceDate "2020.10.23"]
[SourceVersion "1"]
[SourceVersionDate "2020.10.23"]
[SourceQuality "1"]
[WhiteTeam "Szeged Meritum"]
[BlackTeam "Szeged Maroczy III"]
[WhiteTeamCountry "HUN"]
[BlackTeamCountry "HUN"]

1. e4 c5 2. Nf3 d6 3. d4 cxd4 4. Nxd4 Nf6 5. Nc3 a6 6. Bg5 e6 7. f4 Be7 8. Qf3 Qc7 9. 0-0-0 Nbd7 10. Bd3 Rb8 11. Rhe1 b5 12. Nd5 exd5 13. exd5 Nb6 14. Bxf6 gxf6 15. Nc6 Rb7 16. Rxe7+ Qxe7 17. Nxe7 Rxe7 18. Qf2 Nd7 19. Qd4 Kd8 20. a4 bxa4 21. Qxa4 Nc5 22. Qa5+ Rc7 23. b4 Nb3+ 0-1

[Event "HUN-chT U18 2nd"]
[Site "Zalakaros"]
[Date "2018.07.26"]
[Round "1.25"]
[White "Megyaszai, Balazs"]
[Black "Szamko, Hanna"]
[Result "1-0"]
[WhiteElo "1710"]
[BlackElo "1327"]
[PlyCount "109"]
[EventDate "2018.07.26"]
[EventType "team-swiss"]
[EventRounds "7"]
[EventCountry "HUN"]
[SourceTitle "EXT 2019"]
[Source "ChessBase"]
[SourceDate "2018.10.10"]
[SourceVersion "1"]
[SourceVersionDate "2018.10.10"]
[SourceQuality "1"]

1. e4 e5 2. Nf3 Nc6 3. d4 exd4 4. Bc4 Bb4+ 5. c3 dxc3 6. 0-0 Nge7 7. a3 cxb2 8. Bxb2 Bc5 9. Bxg7 Rg8 10. Bb2 d6 11. Qb3 Be6 12. Bxe6 fxe6 13. Qxe6 Qd7 14. Qb3 0-0-0 15. Nbd2 d5 16. Rac1 Bb6 17. e5 d4 18. Kh1 Qd5 19. Qxd5 Nxd5 20. Nc4 Nf4 21. Nxb6+ axb6 22. g3 Nd3 23. Rc2 Ndxe5 24. Nxe5 Nxe5 25. Re2 Nc6 26. Rd2 Rg5 27. Rfd1 Ra5 28. f4 Rd6 29. Kg2 Kd7 30. Kf3 Ra4 31. g4 Na5 32. Rxd4 Raxd4 33. Rxd4 Rxd4 34. Bxd4 c5 35. Bb2 Nc4 36. Bc1 Ke6 37. Ke4 Nd6+ 38. Kd3 Kd5 39. f5 Ne4 40. g5 Nd6 41. f6 Ke6 42. Bf4 Nc8 43. Kc4 Nd6+ 44. Bxd6 Kxd6 45. Kb5 Ke6 46. h4 Kf7 47. Kc4 Kg6 48. Kd5 Kf7 49. a4 Kf8 50. h5 Kf7 51. h6 Kg6 52. Ke6 Kxg5 53. f7 Kxh6 54. f8Q+ Kg5 55. Qf5+ 1-0

[Event "HUN-chT2 Toth 1718"]
[Site "Hungary"]
[Date "2018.02.18"]
[Round "8.12"]
[White "Szabo, Balazs3333"]
[Black "Megyaszai, Balazs"]
[Result "1/2-1/2"]
[WhiteElo "1642"]
[BlackElo "1675"]
[PlyCount "121"]
[EventDate "2017.09.24"]
[EventType "team-tourn"]
[EventRounds "11"]
[EventCountry "HUN"]
[SourceTitle "EXT 2021"]
[Source "ChessBase"]
[SourceDate "2020.10.23"]
[SourceVersion "1"]
[SourceVersionDate "2020.10.23"]
[SourceQuality "1"]
[WhiteTeam "Kecskemet Toth Laszlo II"]
[BlackTeam "Szeged Maroczy II"]
[WhiteTeamCountry "HUN"]
[BlackTeamCountry "HUN"]

1. d4 Nf6 2. c4 e6 3. Nc3 d5 4. e3 c6 5. Nf3 Bd6 6. cxd5 exd5 7. Bd3 Bg4 8. h3 Bh5 9. g4 Bg6 10. Bxg6 hxg6 11. Ne5 Nfd7 12. Nd3 Na6 13. a3 Nc7 14. Qf3 Qf6 15. Qg2 0-0-0 16. Bd2 Rde8 17. 0-0-0 g5 18. Rdf1 Ne6 19. Ne2 Qg6 20. Ne1 Nc7 21. Ng3 Bxg3 22. Qxg3 Nf6 23. f3 Nd7 24. Ba5 Nb6 25. Nc2 Re7 26. Re1 Nc4 27. Bb4 Ree8 28. Rh2 a5 29. Bc3 Nb5 30. Bd2 Qd3 31. Na1 Nxb2 32. Kxb2 Qxa3+ 33. Kc2 Qa2+ 34. Kd1 Qxa1+ 35. Ke2 Qa4 36. Kf1 Qa3 37. Rhe2 Qd6 38. f4 gxf4 39. exf4 Rxe2 40. Rxe2 Nxd4 41. Re3 a4 42. Bc3 Nb5 43. Bxg7 Rg8 44. Be5 Qc5 45. g5 a3 46. Qg4+ Kd8 47. Re1 Qc4+ 48. Kg2 d4 49. Qf5 Qd5+ 50. Kg3 Qd7 51. Qf6+ Kc8 52. Rb1 d3 53. Rb4 Qe6 54. Qxe6+ fxe6 55. Kf2 Rd8 56. Ke1 Kd7 57. Ra4 Ke8 58. Kd2 Kf7 59. h4 Kg6 60. Re4 Nd6 61. Rd4 1/2-1/2